Khoa học xã hội Việt Nam

Enregistré dans:
Détails bibliographiques
Format: Livre
Langue:Undetermined
Publié: Hà Nội Viện Hàn lâm Khoa học xã hội Việt Nam 2019
Sujets:
Tags: Ajouter un tag
Pas de tags, Soyez le premier à ajouter un tag!
Thư viện lưu trữ: Trung tâm Học liệu Trường Đại học Cần Thơ
LEADER 00538nam a2200169Ia 4500
001 CTU_233631
008 210402s9999 xx 000 0 und d
082 |a 300 
082 |b Kh401 
245 0 |a Khoa học xã hội Việt Nam 
245 0 |c Viện Hàn lâm Khoa học xã hội Việt Nam 
260 |a Hà Nội 
260 |b Viện Hàn lâm Khoa học xã hội Việt Nam 
260 |c 2019 
650 |a Social,Xã hội 
904 |i T.Trang 
980 |a Trung tâm Học liệu Trường Đại học Cần Thơ